Master Hnadbook of 1001 practical electronic circuits (Record no. 182197)
[ view plain ]
| 000 -LEADER | |
|---|---|
| fixed length control field | 01103 a2200181 4500 |
| 003 - CONTROL NUMBER IDENTIFIER | |
| control field | Nust |
| 005 - DATE AND TIME OF LATEST TRANSACTION | |
| control field | 20170207153236.0 |
| 040 ## - CATALOGING SOURCE | |
| Transcribing agency | Nust |
| 082 ## - DEWEY DECIMAL CLASSIFICATION NUMBER | |
| Classification number | 621.3815 |
| 100 ## - MAIN ENTRY--PERSONAL NAME | |
| Personal name | Kendall Webster Sessions |
| 245 ## - TITLE STATEMENT | |
| Title | Master Hnadbook of 1001 practical electronic circuits |
| Statement of responsibility, etc. | edited Kendall Webster Sessions |
| 250 ## - EDITION STATEMENT | |
| Edition statement | 1st ed. |
| 260 ## - PUBLICATION, DISTRIBUTION, ETC. | |
| Place of publication, distribution, etc. | London |
| Name of publisher, distributor, etc. | Tab Books |
| Date of publication, distribution, etc. | 1975 |
| 300 ## - PHYSICAL DESCRIPTION | |
| Extent | 602p |
| 505 ## - FORMATTED CONTENTS NOTE | |
| Formatted contents note | Alarms, Sensors And Triggering Circuits (Page-9), Audio Conditioning Circuits (Page-27), Audio Amplifiers (Page-45), Automotive Circuits (Page-69), Filters (Page-83), Logic Circuits, Counters, Clocks (Page-103), Power Supplies, Voltage Multipliers (Page-165), Receivers, RF Preamps And Converters (Page-197), Regulators (Page-257), RF Generators And Waveshapers (Page-273), RF Power Amplifiers (Page-297), Test Equipments (Page-309), Control And Tone Circuits, Cors, Repeater Circuits (Page-393), Timers (Page-425), Transmitters, Transceivers, Exciters, Vfos (Page-433), Battery Charges (Page-467), Diode Circuits (Page-471). |
| 538 ## - SYSTEM DETAILS NOTE | |
| System details note | Almirah No.34 Shelf No.4 |
| 650 ## - SUBJECT ADDED ENTRY--TOPICAL TERM | |
| Topical term or geographic name entry element | Telecommunication engineering |
| 942 ## - ADDED ENTRY ELEMENTS (KOHA) | |
| Source of classification or shelving scheme | |
| Koha item type | Book |
| Withdrawn status | Lost status | Source of classification or shelving scheme | Damaged status | Not for loan | Collection code | Permanent Location | Current Location | Date acquired | Total Checkouts | Full call number | Barcode | Date last seen | Price effective from | Koha item type |
|---|---|---|---|---|---|---|---|---|---|---|---|---|---|---|
| Military College of Signals (MCS) | Military College of Signals (MCS) | 12/12/2016 | 621.3815 MAS | MCS28778 | 12/08/2016 | 12/12/2016 | Book |
